Mr. Pryn's last and finall declaration to the Commons of England, concerning the King, Parliament, and Army. : And his remonstrance and proposals to the kingdome, shewing, that it is high treason, to compasse or imagine the deposition or death of our Soveraign Lord King Charles. With the oath of allegiance to His Majesty, taken by the Parliament men, before their admission into the House as members. /

Bibliographic Details
Main Author: Prynne, William, 1600-1669
Format: eBook
Language:English
Published: [London : publisher not identified], Printed in the year, 1648 [id est 1649]
Series:Early English books online.
Subjects:
Online Access:Connect to the full text of this electronic book

MARC

Tag First Indicator Second Indicator Subfields
LEADER 00000nam a2200000 4500
001 in00004281007
005 20200813080158.0
006 m g d
007 cr bn |||a|bb|
008 931213s1649 enk o 00| | eng d
035 |a (UnM)99864767 
037 |a CL0051000003  |b ProQuest Information and Learning. 300 N. Zeeb Rd., Ann Arbor, MI 48106 
040 |a Cu-RivES  |c Cu-RivES  |d CStRLIN  |e dcrb  |d WaOLN 
100 1 |a Prynne, William,  |d 1600-1669. 
245 1 0 |a Mr. Pryn's last and finall declaration to the Commons of England, concerning the King, Parliament, and Army. :  |b And his remonstrance and proposals to the kingdome, shewing, that it is high treason, to compasse or imagine the deposition or death of our Soveraign Lord King Charles. With the oath of allegiance to His Majesty, taken by the Parliament men, before their admission into the House as members. /  |c By William Pryn, of Lincolns-Inne, Esq. 
260 |a [London :  |b publisher not identified],  |c Printed in the year, 1648 [id est 1649] 
300 |a 1 online resource ([2], 6 pages) 
336 |a text  |b txt  |2 rdacontent 
337 |a computer  |b c  |2 rdamedia 
338 |a online resource  |b cr  |2 rdacarrier 
500 |a Place of publication from Wing. 
500 |a Annotation on Thomason copy: "Jan: 5th". 
500 |a Reproduction of the original in the British Library. 
510 4 |a Wing (2nd edition)  |c P3992. 
510 4 |a Thomason  |c E.537[12]. 
533 |a Electronic reproduction.  |b Ann Arbor, Mich. :  |c UMI,  |d 1999-  |f (Early English books online)  |n Digital version of: (Thomason Tracts ; 83:E537[12])  |7 s1999 miun s 
600 0 0 |a Charles  |b I,  |c King of England,  |d 1600-1649  |v Early works to 1800. 
610 1 0 |a England and Wales.  |b Army  |v Early works to 1800. 
650 0 |a Oaths  |z England  |v Early works to 1800. 
650 0 |a Monarchy  |z Great Britain  |v Early works to 1800. 
651 4 |a Great Britain  |x History  |y Civil War, 1642-1649  |v Early works to 1800. 
830 0 |a Early English books online. 
856 4 0 |u http://proxy.library.tamu.edu/login?url=https://search.proquest.com/docview/2240921782  |z Connect to the full text of this electronic book  |t 0 
999 f f |s 682661db-0eea-3ec9-8d2c-011a915826dc  |i 7f14a519-d098-350f-968b-5452d22d050e  |t 0 
952 f f |a Texas A&M University  |b College Station  |c Electronic Resources  |d Available Online  |t 0  |h No information provided 
998 f f |t 0  |l Available Online